|
|
|
|
| LEADER |
00000nab a2200000 a 4500 |
| 001 |
vtls001494815 |
| 003 |
SK-MaSNL |
| 005 |
20260304141422.0 |
| 008 |
250505c2004 xo 0 slo |
| 015 |
|
|
|a SNBCL2005/2
|
| 035 |
|
|
|a (uuid)9c30ea00-b5b3-40fc-8c7e-f108b1048a3b
|
| 035 |
|
|
|a urn:nbn:sk:snk-abu5c
|
| 035 |
|
|
|a (urnnbn)urn:nbn:sk:snk:ar-a05n4x
|
| 040 |
|
|
|a SNKBUCL
|b slo
|c SNKBUCL
|e AACR2
|
| 041 |
0 |
|
|a slo
|
| 044 |
|
|
|a xo
|c SK
|
| 080 |
|
|
|a 616.89-008-053.2/.7:159.922.7:061.3
|2 1981
|
| 100 |
1 |
|
|a Ondrejka, Igor,
|d 1967-
|4 aut
|9 197653
|
| 245 |
1 |
0 |
|a Katatónne symptómy v pedopsychiatrii
|c I. Ondrejka, A. Mažgútová, M. Drímalová
|
| 650 |
0 |
7 |
|a katatónia
|x klasifikácia
|2 MESH
|9 871325
|
| 650 |
0 |
7 |
|a schizofrénia katatonická
|x diagnostika
|2 MESH
|9 1459248
|
| 650 |
0 |
7 |
|a diferenciálna diagnostika
|2 MESH
|9 69886
|
| 650 |
0 |
7 |
|a Tourettov syndróm
|2 MESH
|9 150555
|
| 650 |
0 |
7 |
|a hyperkinéza
|x diagnostika
|2 MESH
|9 1459249
|
| 700 |
1 |
|
|a Mažgútová, Alena,
|d 1955-
|4 aut
|9 197665
|
| 700 |
1 |
|
|a Drímalová, Milena
|4 aut
|9 21292
|
| 711 |
1 |
|
|a Slovenský psychiatrický zjazd
|n (6. :
|d 2004 :
|c Spišská Nová Ves, Slovensko)
|4 aut
|9 89910
|
| 773 |
0 |
|
|t Psychiatria pre prax
|g pr. k č. 2/2004, supl. S1 (2004), s. S25
|x 1335-9584
|
| 850 |
|
|
|a Slovenská národná knižnica
|
| 852 |
|
|
|a Slovenská národná knižnica
|
| 954 |
|
|
|a odborná, vedecká literatúra pôvodná (slovenská)
|2 lita
|
| 958 |
|
|
|a article27
|
| 958 |
|
|
|a OND
|
| 958 |
|
|
|a EUIPO
|
| 999 |
|
|
|c 2918676
|d 2920606
|